000 00391nam a22001457a 4500
999 _c258597
_d258596
003 OSt
005 20200622091954.0
008 200622b xxu||||| |||| 00| 0 eng d
020 _a0205354807
040 _cN/A
100 _aStephen M.Kosslyn et al
245 _aFundamentals of Psychology
_bThe Brain,the person,the world
260 _aNew York
_bPearson Education
_c2002
942 _2lcc
_cBK